000 00312nam a2200109Ia 4500
005 20251222154321.0
008 251222s9999||||xx |||||||||||||| ||spa||
020 _a978-9972-787-30-0
082 _a363.73/C76C
245 0 _aCosa seria este clima: Panorama del cambio climético en la Comunidad Andina
942 _cLIB
999 _c33778
_d33778